000 00627nam a2200229Ia 4500
003 OSt
005 20220926012132.0
006 a|||||r|||| 00| 0
007 ta
008 220923b |||||||| |||| 00| 0 eng d
037 _cGeneral Book
040 _aRTL
_cRTL
_beng
041 _2eng
_aeng
082 _aX:972, K9
100 _aCross John G
_9250318
245 0 _aEconomics of bargaining
260 _aNew York
_bBasic Books USA
_c1969
300 _axvi, 247p. Appendix p 223-43
_ccm.
650 _aCollective Bargaining
942 _hX:972, K9
_cGB
_2CC
999 _c621813
_d621813